Brumla a Remcík. Ledový král /

Další příběh o dobrosrdečné medvědici Brumle a škarohlídském králíkovi Remcíkovi, tentokrát se musí postavit zlému lednímu medvědovi.

Hlavní autor: Gough, Julian, 1966-
Další autoři: Field, Jim, 1980-, Vrbová, Anna, 1986-
Jazyk: Čeština
Vydáno: Praha : Euromedia Group, 2024
Vydání: Vydání první
Edice: Pikola (Euromedia)
Témata:
Fyzický popis: 106 stran : ilustrace (převážně barevné) ; 20 cm
Knihy
Uloženo v:
LEADER 02384nam a2200541 i 4500
001 nkc20243584504
003 CZ PrNK
005 20240708094459.0
007 ta
008 240529s2024 xr a b 000 j cze d
015 |a cnb003584504 
020 |a 978-80-242-9761-3  |q (vázáno) 
035 |a (OCoLC)1445419378 
040 |a ABG001  |b cze  |e rda 
041 1 |a cze  |h eng 
072 7 |a 821.111-3  |x Anglická próza, anglicky psaná  |2 Konspekt  |9 25 
072 7 |a 821-93  |x Literatura pro děti a mládež (beletrie)  |2 Konspekt  |9 26 
080 |a 821.111(415)-32  |2 MRF 
080 |a 821-93  |2 MRF 
080 |a (0:82-32)  |2 MRF 
100 1 |a Gough, Julian,  |d 1966-  |7 xx0197925  |4 aut 
240 1 0 |a Bad king is a sad king.  |l Česky 
245 1 0 |a Brumla a Remcík.  |p Ledový král /  |c Julian Gough ; ilustrace Jim Field ; přeložila Anna Vrbová 
246 3 0 |a Ledový král 
250 |a Vydání první 
264 1 |a Praha :  |b Euromedia Group,  |c 2024 
300 |a 106 stran :  |b ilustrace (převážně barevné) ;  |c 20 cm 
336 |a text  |b txt  |2 rdacontent 
337 |a bez média  |b n  |2 rdamedia 
338 |a svazek  |b nc  |2 rdacarrier 
490 1 |a Pikola 
500 |a Přeloženo z angličtiny 
520 2 |a Další příběh o dobrosrdečné medvědici Brumle a škarohlídském králíkovi Remcíkovi, tentokrát se musí postavit zlému lednímu medvědovi.  |b Přes zamrzlé jezero k nim doputoval Rampouch, velký, zlý a panovačný lední medvěd, který se chce stát jejich králem. Brumla se i k němu snaží být milá a přátelská. Jenže Rampouch po zvířátkách chce jediné, aby mu postavila palác a královský záchod. Pomoct by jim mohl snad jen vlk Trhač. Nakladatelská anotace. Kráceno. 
521 8 |a Pro děti od 5 let 
655 7 |a irské příběhy (anglicky)  |7 fd183380  |2 czenas 
655 7 |a publikace pro děti  |7 fd133156  |2 czenas 
655 9 |a Irish stories (English)  |2 eczenas 
655 9 |a children's literature  |2 eczenas 
700 1 |a Field, Jim,  |d 1980-  |7 jo2014803563  |4 ill 
700 1 |a Vrbová, Anna,  |d 1986-  |7 xx0078290  |4 trl 
765 1 |t Rabbit & bear  |9 Česky 
787 0 8 |i Z cyklu:  |t Brumla a Remcík  |g 5 
830 0 |a Pikola (Euromedia)  |0 s 
910 2 |a BOA001  |b 1-1524.868 
990 |a BK 
995 |a 01 
991 |b 202406  |c NOV 
996 6 |b 2610971121  |c 1-1524.868  |l MZK  |r Sklad / do 1 hodiny  |n 0  |p p.v.  |w 001966364  |u 000010  |a 1  |e BOA001  |j MZK50  |s P